78 câu hỏi dành cho người lãnh đạo /
محفوظ في:
| المؤلف الرئيسي: | |
|---|---|
| التنسيق: | كتاب |
| اللغة: | Vietnamese |
| منشور في: |
TRT
2008
|
| الوسوم: |
إضافة وسم
لا توجد وسوم, كن أول من يضع وسما على هذه التسجيلة!
|
| Thư viện lưu trữ: | Mạng thư viện Đại học Đà Nẵng |
|---|
| LEADER | 00710nam a2200265 4500 | ||
|---|---|---|---|
| 001 | 000027148 | ||
| 003 | CL-CO | ||
| 005 | 20150403120000.0 | ||
| 008 | 150403s vm 000 vie | ||
| 020 | |c 0,0000 | ||
| 040 | |a notts | ||
| 100 | |a Clarke-Epstein, Chris | ||
| 245 | |a 78 câu hỏi dành cho người lãnh đạo / |c Chris Clarke-Epstein ; người dịch : Ngô Phương Hạnh, Hoàng Thị Hà, Đinh Hải Vân. | ||
| 260 | |b TRT |c 2008 | ||
| OWN | |a LTT | ||
| 999 | |a From the UDN01 | ||
| TYP | |a Monograph | ||
| TYP | |a Printed language | ||
| 980 | |a Mạng thư viện Đại học Đà Nẵng | ||